Wit and Wisdon of Shakespear (Record no. 1117392)

MARC details
000 -LEADER
fixed length control field 00599nam a2200229Ia 4500
003 - CONTROL NUMBER IDENTIFIER
control field OSt
005 - DATE AND TIME OF LATEST TRANSACTION
control field 20221006164456.0
008 - FIXED-LENGTH DATA ELEMENTS--GENERAL INFORMATION
fixed length control field 221006b |||||||| |||| 00| 0 eng d
037 ## - SOURCE OF ACQUISITION
Terms of availability Textual
040 ## - CATALOGING SOURCE
Original cataloging agency FML
Transcribing agency FML
Language of cataloging eng
041 ## - LANGUAGE CODE
Source of code eng
Language code of text/sound track or separate title eng
100 ## - MAIN ENTRY--PERSONAL NAME
Personal name Sen N B Au.
9 (RLIN) 677574
245 #0 - TITLE STATEMENT
Title Wit and Wisdon of Shakespear
260 ## - PUBLICATION, DISTRIBUTION, ETC.
Place of publication, distribution, etc. New Delhi
Name of publisher, distributor, etc. New Book Society
Date of publication, distribution, etc. 1961
300 ## - PHYSICAL DESCRIPTION
Extent 400
Dimensions cm.
942 ## - ADDED ENTRY ELEMENTS (KOHA)
Classification part O11,2J64y8, K1
Koha item type Textual
Source of classification or shelving scheme Colon Classification (CC)
Holdings
Withdrawn status Lost status Source of classification or shelving scheme Damaged status Not for loan Home library Current library Date acquired Total Checkouts Full call number Barcode Date last seen Price effective from Koha item type
    Colon Classification (CC)     Department of Music Library Department of Music Library 2022-10-06   O11,2J64y8 K1 MU0003254 2022-10-06 2022-10-06 Textual
Copyright @ Delhi University Library System